000 00426nam a2200181Ia 4500
001 23736
005 20260414150957.0
008 260414t2007||||xx |||||||||||||| ||spa||
041 _aESP
082 _a701
_bO73
100 _aOrtega y Gasset, José
_eAUT
245 0 _aLa deshumanización del arte
_b
260 _c2007
300 _a201 páginas :
_ccm.
650 _aABD
654 _aCAU
942 _cLIB
_dJUS
_fJUS
_2ddc
_n
999 _c23736
_d23736